LEADER 01288nam a2200289 4500 001 000000356481 003 CaOOAMICUS 005 20240129142526.0 008 231215s2023 it 000 u ita r 020 $a978-88-04-77677-2 040 $aSeMil$bita 100 1 $aKrakauer, Jon,$d<1954- >.$0(OLS)http://semarc/name/112602 240 10$aUnder the banner of heaven.$0(OLS)http://semarc/title/446755 245 10$aIn nome del cielo : $buna storia di fede violenta /$cJon Krakauer ; traduzione di Manuela Frassi. 264 1$aMilano :$bMondadori,$c2023. 300 $a395 p. ;$c22 cm 490 1 $aOscar moderni. Cult 650 4$aMormoni - Stati Uniti d'America - Inchieste.$0(OLS)http://semarc/subject/55024 700 1 $aFrassi, Manuela.$0(OLS)http://semarc/name/118828 830 0$aOscar moderni. Cult.$0(OLS)http://semarc/title/446757 850 $aSeMil 852 $aSeMil$W1$xVenegono$y1$m3M III 323$j247067$B247647$CSeMilBibl$Z2$F247647 $81 961 $aBrambilla don Paolo - Omaggio 996 $6020$a978-88-04-77677-2$9(OLS)http://semarc/number/299505 996 $6245$aIn nome del cielo : $buna storia di fede violenta$9(OLS)http://semarc/title/446756 996 $6264$aMilano :$bMondadori$9(OLS)http://semarc/publisher/30335 LEADER 01073nam a2200253 i 4500 001 000000040456 003 CaOOAMICUS 005 20260123120207.0 008 040621s1966 it u000 u ita u 013 $a11626 040 $aSeMil$bita 100 1 $aGatti Perer, Maria Luisa <1928-2009>.$0(OLS)http://semarc/name/1724 245 10$aCarlo Giuseppe Merlo architetto /$cMaria Luisa Gatti Perer. 260 $aMilano :$bLa Rete,$c1966. 300 $a551 p. :$briccamente ill. ;$c30 cm. 490 0 $aMonografie di Arte lombarda. I maestri ;$v1 830 0$aMonografie di Arte lombarda. I maestri ;$v1.$0(OLS)http://semarc/title/420017 850 $aSeMil 852 $aSeMil$W1$xVenegono$y1$m5P X 31$j6611$B6611$CSeMilBibl$Z2$F6611 $8I 852 $aSeMil$W1$xVenegono$y1$m5N XVI 8$j108043$B108043$CSeMilBibl$Z2$F117650 $8I 961 $aOmaggio: Ciprandi dott. Paolo 996 $6245$aCarlo Giuseppe Merlo architetto$9(OLS)http://semarc/title/58115 996 $6260$aMilano :$bLa Rete$9(OLS)http://semarc/publisher/32237